|
|
|
|
| LEADER |
00682nab a2200181 i 4500 |
| 001 |
acta12166 |
| 005 |
20210722154106.0 |
| 008 |
161015s1983 hu o 0|| hun d |
| 022 |
|
|
|a 0231-1240
|
| 040 |
|
|
|a SZTE Egyetemi Kiadványok Repozitórium
|b hun
|
| 041 |
|
|
|a hun
|
| 100 |
1 |
|
|a Adamkovich István
|
| 245 |
1 |
2 |
|a A kísérletező készség
|h [elektronikus dokumentum] :
|b a tanítás tanulhatóságának egy problémája a kémiaoktatásban /
|c Adamkovich István
|
| 260 |
|
|
|c 1983
|
| 300 |
|
|
|a 105-116
|
| 490 |
0 |
|
|a Tantárgypedagógiai közlemények
|v 3
|
| 695 |
|
|
|a Neveléstudomány, Kémia
|
| 856 |
4 |
0 |
|u http://acta.bibl.u-szeged.hu/12166/1/tantargyped_003_105-116.pdf
|z Dokumentum-elérés
|